000 00951nam a2200241 i 4500
001 87856
003 ES-MaACL
005 20230906175743.0
007 t|
008 041223s1970 fr ||||1| fre d
100 1 _aKyrou, Ado.
_969107
245 1 0 _aLuis Buñuel /
_cprésentation par Ado Kyrou, textes et propos de Luis Buñuel, documents, points de vue, filmographie, bibliographie, 60 documents iconographiques.
250 _a4e éd. remaniée et mise à jour.
260 _a[Paris] :
_bSeghers,
_c[1970]
300 _a185 p. :
_bil. ;
_c16 cm.
490 1 _aCinéma d'aujourd'hui ;
_v4
504 _aBibliogr.: p. 180-185. Filmogr. : p. [171]-179.
505 8 _aContiene: Textes et propos de Luis Bunuel, documents, points de vue, 60 documents iconographiques
600 1 4 _aBuñuel, Luis,
_d1900-1983
_932559
830 0 _aCinéma d'aujourd'hui ;
_v4
_9226397
852 _aES-MaACL
_jE-8072
_bR.96126
999 _c87856
_d87856